[Event "IOM Open-Masters 2017"]
[Site "Douglas"]
[Date "2017.09.30"]
[Round "8"]
[White "Swapnil, S. Dhopade"]
[Black "Short, Nigel D"]
[Result "1-0"]
[WhiteElo "2532"]
[BlackElo "2698"]
[Annotator "TA"]
[PlyCount "145"]
[EventDate "2017.??.??"]
[EventType "swiss"]
[EventCountry "GBR"]
[SourceTitle "playchess.com"]
[Source "ChessBase"]
[SourceQuality "1"]

1. d4 Nf6 2. c4 e6 3. Nf3 d5 4. g3 dxc4 5. Bg2 Nc6 6. Qa4 Bd7 7. Qxc4 Bd6 8. O-O O-O 9. Nc3 a6 10. Bg5 h6 11. Bxf6 Qxf6 12. Rac1 Rfc8 13. Ne4 Qe7 14. Nc5 Rab8 15. Rfd1 Be8 16. e3 Nd8 17. a3 Bc6 18. b4 Qe8 19. Qc3 Ra8 20. Nd2 Bxg2 21. Kxg2 a5 22. bxa5 Qb5 23. a4 Qxa5 24. Qxa5 Rxa5 25. Nc4 Raa8 26. Nxd6 cxd6 27. Ne4 d5 28. Rxc8 Rxc8 29. Nc5 e5 30. Nd7 exd4 31. Rxd4 Ne6 32. Rxd5 Rc4 33. a5 Rb4 34. h4 g5 35. h5 Kg7 36. Ne5 Nf8 37. Nd3 Rb3 38. Nc5 Rb1 39. Ne4 b6 40. Nd6 bxa5 41. Rxa5 Nd7 42. Nf5+ Kh7 43. Ra6 g4 44. Rxh6+ Kg8 45. Ra6 Ne5 46. Ra5 f6 47. Ra4 Kh7 48. Ra7+ Kh8 49. Nh6 f5 50. Nf7+ Nxf7 51. Rxf7 Rb5 52. h6 Re5 53. Kf1 Kg8 54. Rg7+ Kh8 55. Kg2 Re6 56. Rg5 Rf6 57. e4 fxe4 58. Rxg4 Re6 59. Kf1 e3 60. f3 e2+ 61. Ke1 Re3 62. Rf4 Kh7 63. Rf6 Re5 64. g4 Re3 65. g5 Re5 66. f4 Re7 67. f5 Re5 68. Rf7+ Kg8 69. g6 Re8 70. f6 Ra8 71. h7+ Kh8 72. Rf8+ Rxf8 73. g7+ 1-0

[Event "IOM Open-Masters 2017"]
[Site "Douglas"]
[Date "2017.09.30"]
[Round "8"]
[White "Nihal Sarin"]
[Black "Rudolf, Anna"]
[Result "1-0"]
[WhiteElo "2483"]
[BlackElo "2286"]
[Annotator "TA"]
[PlyCount "81"]
[EventDate "2017.??.??"]
[EventType "swiss"]
[EventCountry "GBR"]
[SourceTitle "playchess.com"]
[Source "ChessBase"]
[SourceQuality "1"]

1. d4 d5 2. c4 c6 3. Nc3 Nf6 4. e3 g6 5. Nf3 Bg7 6. Be2 O-O 7. O-O dxc4 8. Bxc4 Bg4 9. h3 Bxf3 10. Qxf3 Nbd7 11. Rd1 e5 12. d5 e4 13. Nxe4 Nxe4 14. Qxe4 Nb6 15. Qc2 cxd5 16. Be2 Rc8 17. Qb3 Qc7 18. Bg4 f5 19. Bf3 Rfd8 20. Bd2 Qc2 21. Ba5 Qxb3 22. axb3 Bxb2 23. Ra2 Be5 24. g3 Kg7 25. Bxb6 axb6 26. Rxd5 Rxd5 27. Bxd5 Rc7 28. Kg2 Kf6 29. Ra8 Ke7 30. Bc4 Bc3 31. g4 Kf6 32. Re8 fxg4 33. hxg4 Rc6 34. f4 g5 35. Rf8+ Kg6 36. f5+ Kh6 37. Rf7 Rd6 38. Rxb7 Bg7 39. Bg8 Rc6 40. Kf3 Rd6 41. b4 1-0

[Event "IOM Open-Masters 2017"]
[Site "Douglas"]
[Date "2017.09.30"]
[Round "8"]
[White "Visakh N R"]
[Black "Vaishali R"]
[Result "1-0"]
[WhiteElo "2458"]
[BlackElo "2329"]
[Annotator "TA"]
[PlyCount "221"]
[EventDate "2017.??.??"]
[EventType "swiss"]
[EventCountry "GBR"]
[SourceTitle "playchess.com"]
[Source "ChessBase"]
[SourceQuality "1"]

1. d4 Nf6 2. c4 g6 3. Nc3 d5 4. Nf3 Bg7 5. Qb3 dxc4 6. Qxc4 O-O 7. e4 a6 8. Be2 b5 9. Qb3 Bb7 10. e5 Nd5 11. a4 Nxc3 12. bxc3 Bd5 13. Qb1 c5 14. axb5 cxd4 15. cxd4 axb5 16. Rxa8 Bxa8 17. Be3 Qa5+ 18. Bd2 Qa7 19. Qb2 Bd5 20. O-O Nc6 21. Be3 Rb8 22. Ra1 Qb7 23. Ne1 e6 24. Nd3 Bf8 25. Nf4 Bc4 26. Bxc4 bxc4 27. Qxb7 Rxb7 28. Kf1 Ne7 29. Ra8 Kg7 30. g4 c3 31. Ke2 c2 32. Kd2 Rc7 33. Kc1 Nc6 34. d5 exd5 35. Nxd5 Rd7 36. Nf6 Rd8 37. Rxd8 Nxd8 38. Kxc2 Nc6 39. f4 g5 40. Nh5+ Kg8 41. Kd3 gxf4 42. Bxf4 Nd8 43. Ke4 Ne6 44. Ng3 Bg7 45. Nh5 Bf8 46. Be3 Be7 47. Bh6 Bd8 48. Ke3 Bh4 49. Kd3 Bd8 50. Ke4 Be7 51. Be3 Bh4 52. Kd5 Ng7 53. Nf4 Bg5 54. Ng2 Bd8 55. Bh6 Ne6 56. Ne3 Ba5 57. Nf5 Bc3 58. Ne7+ Kh8 59. Nc6 Kg8 60. Kd6 Nd4 61. Ne7+ Kh8 62. Kd5 Ne6 63. Nc6 Kg8 64. h3 Bb2 65. h4 Ba3 66. h5 Kh8 67. Na5 Kg8 68. Nc4 Be7 69. Nd6 Bh4 70. Ne4 Bd8 71. Kc6 Bc7 72. Nd6 Ba5 73. Nc4 Bb4 74. Kd5 Be7 75. Nd6 Bh4 76. Ne4 Bd8 77. Kc6 Bc7 78. Nd6 Ba5 79. Nf5 Bc7 80. Ne7+ Kh8 81. Kd5 Ba5 82. Ke4 Bb4 83. Nc6 Bc3 84. Kf5 Nd4+ 85. Nxd4 Bxd4 86. Bg5 Kg8 87. Be7 Bc3 88. Ke4 Bd2 89. Kd5 Bc3 90. Kd6 Bb4+ 91. Kd7 Bc3 92. Bf6 Bd2 93. g5 Be3 94. g6 hxg6 95. hxg6 Bc5 96. Be7 Bd4 97. Ke8 f5 98. e6 f4 99. Kd7 f3 100. Bh4 Bc5 101. Bf2 Ba3 102. Bd4 Bb4 103. Kc6 Be7 104. Kd5 f2 105. Bxf2 Kg7 106. Bc5 Bh4 107. Kd6 Kxg6 108. Kd7 Kf5 109. Be7 Be1 110. Bd8 Bb4 111. Bc7 1-0

[Event "IOM Open-Masters 2017"]
[Site "Douglas"]
[Date "2017.09.30"]
[Round "8"]
[White "Kjartansson, Gudmundur"]
[Black "Oyama, Akito"]
[Result "1-0"]
[WhiteElo "2456"]
[BlackElo "2198"]
[Annotator "TA"]
[PlyCount "65"]
[EventDate "2017.??.??"]
[EventType "swiss"]
[EventCountry "GBR"]
[SourceTitle "playchess.com"]
[Source "ChessBase"]
[SourceQuality "1"]

1. Nf3 Nf6 2. c4 e6 3. Nc3 Bb4 4. Qc2 O-O 5. a3 Bxc3 6. Qxc3 b6 7. b4 Bb7 8. Bb2 d6 9. e3 c5 10. Be2 Nbd7 11. O-O Rc8 12. d4 Ne4 13. Qc2 Qe7 14. dxc5 dxc5 15. b5 Rfd8 16. a4 Ndf6 17. a5 Rc7 18. a6 Ba8 19. Bd3 Rcd7 20. Ne5 Rc7 21. f3 Nd6 22. Rad1 h6 23. Rd2 Nd7 24. Bh7+ Kf8 25. Rxd6 Qxd6 26. Nxf7 Qe7 27. Bxg7+ Ke8 28. Nd6+ Qxd6 29. Qg6+ Ke7 30. Bf6+ Nxf6 31. Qg7+ Ke8 32. Bg6+ Rf7 33. Qxf7# 1-0

[Event "IOM Open-Masters 2017"]
[Site "Douglas"]
[Date "2017.09.30"]
[Round "8"]
[White "Esserman, Marc"]
[Black "Ragnarsson, Dagur"]
[Result "0-1"]
[WhiteElo "2453"]
[BlackElo "2340"]
[Annotator "TA"]
[PlyCount "68"]
[EventDate "2017.??.??"]
[EventType "swiss"]
[EventCountry "GBR"]
[SourceTitle "playchess.com"]
[Source "ChessBase"]
[SourceQuality "1"]

1. d4 Nf6 2. c4 g6 3. Nc3 d5 4. cxd5 Nxd5 5. Bd2 Bg7 6. e4 Nb6 7. Be3 O-O 8. Qd2 e5 9. d5 c6 10. d6 Be6 11. O-O-O f5 12. Bg5 Bf6 13. Nf3 f4 14. h4 N8d7 15. Bh6 Re8 16. g3 Nc4 17. Bxc4 Bxc4 18. gxf4 Qa5 19. fxe5 Bh8 20. Kb1 b5 21. b3 b4 22. Na4 Nxe5 23. Qc2 Bf7 24. Nd4 Rad8 25. f4 Rxd6 26. fxe5 Qxe5 27. Be3 Red8 28. Qf2 Qxe4+ 29. Qc2 Qxe3 30. Nxc6 Rxd1+ 31. Rxd1 Rxd1+ 32. Qxd1 Qe4+ 33. Qc2 Bd5 34. Nxb4 Qxb4 0-1

[Event "IOM Open-Masters 2017"]
[Site "Douglas"]
[Date "2017.09.30"]
[Round "8"]
[White "Swayams, Mishra"]
[Black "Adhiban, B."]
[Result "1/2-1/2"]
[WhiteElo "2444"]
[BlackElo "2670"]
[Annotator "TA"]
[PlyCount "124"]
[EventDate "2017.??.??"]
[EventType "swiss"]
[EventCountry "GBR"]
[SourceTitle "playchess.com"]
[Source "ChessBase"]
[SourceQuality "1"]

1. d4 Nf6 2. Nf3 g6 3. Bg5 Bg7 4. Nbd2 O-O 5. c3 h6 6. Bh4 d6 7. e4 Qe8 8. Bd3 Nh5 9. O-O Nf4 10. Bc2 e5 11. Nc4 Nd7 12. Re1 Nb6 13. Ne3 a5 14. Bg3 Nh5 15. dxe5 Nxg3 16. hxg3 dxe5 17. Nd5 Qd8 18. Nxb6 cxb6 19. Qxd8 Rxd8 20. Bb3 b5 21. Red1 Bg4 22. a3 Kf8 23. Rd5 Rxd5 24. Bxd5 Rb8 25. Nh2 Bd7 26. Rd1 Be8 27. Nf1 h5 28. Nd2 Bh6 29. Kf1 Ke7 30. Nf3 f6 31. Nh4 Rd8 32. Ke1 Rd7 33. Bg8 Bg5 34. Nf3 Rxd1+ 35. Kxd1 Bc6 36. Nxg5 fxg5 37. f3 g4 38. Ke2 gxf3+ 39. Kxf3 a4 40. Ba2 Bd7 41. Bb1 Be6 42. Bd3 Bc4 43. Bc2 Kf6 44. Bd1 Kg5 45. Kf2 Bd3 46. Ke3 Bf1 47. Kf2 Bc4 48. Bf3 h4 49. Bd1 hxg3+ 50. Kxg3 Bd3 51. Kf3 Kh4 52. b3 axb3 53. Bxb3 Bc4 54. Bc2 g5 55. g3+ Kh3 56. Kf2 g4 57. Bb1 Kh2 58. Bc2 Kh3 59. Bb1 Bb3 60. Bd3 Bc4 61. Bb1 Bb3 62. Bd3 Bc4 1/2-1/2

[Event "IOM Open-Masters 2017"]
[Site "Douglas"]
[Date "2017.09.30"]
[Round "8"]
[White "Gaponenko, Inna"]
[Black "Mueller, Philipp"]
[Result "1-0"]
[WhiteElo "2437"]
[BlackElo "2220"]
[Annotator "TA"]
[PlyCount "153"]
[EventDate "2017.??.??"]
[EventType "swiss"]
[EventCountry "GBR"]
[SourceTitle "playchess.com"]
[Source "ChessBase"]
[SourceQuality "1"]

1. e4 e5 2. Nf3 Nc6 3. Bb5 a6 4. Bxc6 dxc6 5. O-O Be6 6. c3 Bg4 7. h3 h5 8. d4 exd4 9. hxg4 hxg4 10. Ng5 f6 11. Ne6 Qd6 12. Nf4 g5 13. Qxg4 gxf4 14. Bxf4 Qe7 15. Qg6+ Kd7 16. Qf5+ Ke8 17. cxd4 Qg7 18. Nc3 Ne7 19. Qe6 Qh7 20. f3 Qh4 21. Qg4 Qxg4 22. fxg4 Kd7 23. g5 fxg5 24. Bxg5 Bh6 25. Bxh6 Rxh6 26. Ne2 Re8 27. Rf4 Nd5 28. Rf7+ Ke6 29. Raf1 Ne3 30. R1f3 Reh8 31. Ng3 Nc2 32. Rxc7 Nxd4 33. Rff7 b5 34. Rcd7 Ke5 35. Kf2 Rg6 36. Rde7+ Ne6 37. Rf3 a5 38. Ke3 Rhg8 39. Kf2 Kd6 40. Ra7 Nc5 41. Nf5+ Ke5 42. Re7+ Re6 43. Rxe6+ Nxe6 44. Ne7 Ra8 45. Ke3 c5 46. Ng6+ Kd6 47. Rf6 Kd7 48. e5 c4 49. Ke4 Rb8 50. Nf4 Nxf4 51. Rxf4 Ke7 52. Rf2 Rd8 53. g4 Rd1 54. Rg2 Ke6 55. g5 Re1+ 56. Kd4 Rxe5 57. g6 Rd5+ 58. Kc3 Rd3+ 59. Kc2 Rd8 60. g7 Rg8 61. Kc3 Kd5 62. Rg5+ Kc6 63. a4 bxa4 64. Kxc4 Kd6 65. Kb5 a3 66. bxa3 Ke6 67. Kxa5 Kf7 68. a4 Ra8+ 69. Kb6 Kg8 70. a5 Rb8+ 71. Kc7 Rb1 72. a6 Rc1+ 73. Kb6 Rb1+ 74. Rb5 Re1 75. a7 Re8 76. Kb7 Re7+ 77. Ka6 1-0

[Event "IOM Open-Masters 2017"]
[Site "Douglas"]
[Date "2017.09.30"]
[Round "8"]
[White "Kiewra, Keaton F"]
[Black "Lorscheid, Gerhard"]
[Result "0-1"]
[WhiteElo "2433"]
[BlackElo "2192"]
[Annotator "TA"]
[PlyCount "100"]
[EventDate "2017.??.??"]
[EventType "swiss"]
[EventCountry "GBR"]
[SourceTitle "playchess.com"]
[Source "ChessBase"]
[SourceQuality "1"]

1. e4 d6 2. d4 Nf6 3. Nc3 e5 4. Nf3 Nbd7 5. Bc4 Be7 6. a4 O-O 7. O-O c6 8. Re1 b6 9. Bg5 a6 10. d5 c5 11. Nd2 Ne8 12. Bxe7 Qxe7 13. Bf1 g6 14. Nc4 Nc7 15. Qd2 Kh8 16. Rab1 a5 17. Nb5 Nxb5 18. axb5 Rb8 19. c3 f5 20. exf5 gxf5 21. f4 e4 22. b4 axb4 23. cxb4 Qf6 24. bxc5 dxc5 25. Ra1 Re8 26. Ne3 Nf8 27. Bc4 Rd8 28. d6 Ne6 29. Bxe6 Bxe6 30. Ra7 Rd7 31. Nd5 Qg7 32. Nc7 Bb3 33. Rb1 Bc4 34. Rc1 Bg8 35. Re1 Bb3 36. Rb1 Bg8 37. Rd1 Rbd8 38. h3 Rxd6 39. Qxd6 Rxd6 40. Rxd6 e3 41. Ra8 e2 42. Kf2 Qxc7 43. Rdd8 Qxf4+ 44. Kxe2 Qg3 45. Kf1 Qb3 46. Kf2 Kg7 47. Rab8 Bd5 48. Rxb6 Qc2+ 49. Ke1 Qe4+ 50. Kf2 Qh4+ 0-1

[Event "IOM Open-Masters 2017"]
[Site "Douglas"]
[Date "2017.09.30"]
[Round "8"]
[White "Sundararajan, Kidambi"]
[Black "Vignesh B"]
[Result "1-0"]
[WhiteElo "2426"]
[BlackElo "1712"]
[Annotator "TA"]
[PlyCount "81"]
[EventDate "2017.??.??"]
[EventType "swiss"]
[EventCountry "GBR"]
[SourceTitle "playchess.com"]
[Source "ChessBase"]
[SourceQuality "1"]

1. d4 Nf6 2. Nf3 c5 3. e3 e6 4. c4 d5 5. cxd5 exd5 6. Nc3 Nc6 7. Bb5 Bd7 8. O-O a6 9. Bxc6 Bxc6 10. b3 Bd6 11. dxc5 Bxc5 12. Bb2 O-O 13. Nd4 Re8 14. Rc1 Qd6 15. Nce2 Bd7 16. Ng3 Ng4 17. h3 Nxe3 18. fxe3 Bxd4 19. Qxd4 Qxg3 20. Rf3 Qg5 21. Rc7 Re7 22. Kh2 f6 23. Rg3 Qe5 24. Qxe5 fxe5 25. Rxb7 Rae8 26. Bxe5 Rxe5 27. Rxd7 R8e7 28. Rxe7 Rxe7 29. Rf3 Re6 30. Kg1 g6 31. Kf1 Rc6 32. Rf2 Kg7 33. Ke1 Rc1+ 34. Kd2 Ra1 35. Kd3 h6 36. Kc3 Re1 37. Kd3 g5 38. Re2 Ra1 39. Kd4 Rd1+ 40. Ke5 Kg6 41. Rc2 1-0

[Event "IOM Open-Masters 2017"]
[Site "Douglas"]
[Date "2017.09.30"]
[Round "8"]
[White "Arkell, Keith C"]
[Black "Ju, Wenjun"]
[Result "1/2-1/2"]
[WhiteElo "2415"]
[BlackElo "2574"]
[Annotator "TA"]
[PlyCount "97"]
[EventDate "2017.??.??"]
[EventType "swiss"]
[EventCountry "GBR"]
[SourceTitle "playchess.com"]
[Source "ChessBase"]
[SourceQuality "1"]

1. d4 Nf6 2. Nf3 e6 3. c3 c5 4. Bg5 d5 5. e3 h6 6. Bh4 Nbd7 7. Nbd2 Be7 8. Bd3 O-O 9. O-O b6 10. Qe2 Bb7 11. Ba6 Bxa6 12. Qxa6 g5 13. Bg3 Nh5 14. Ne5 Nxe5 15. Bxe5 f6 16. Qe2 Qe8 17. Bg3 Nxg3 18. hxg3 f5 19. g4 fxg4 20. Qxg4 Qg6 21. Nf3 Bd6 22. c4 Qf5 23. Qxf5 Rxf5 24. dxc5 Bxc5 25. cxd5 Rxd5 26. Rfd1 Rad8 27. Rxd5 Rxd5 28. g4 e5 29. a3 e4 30. Nh2 Rd2 31. b4 Bd6 32. Nf1 Rd3 33. Kg2 Kf7 34. Ng3 Bxg3 35. Kxg3 Rb3 36. Rd1 Rxa3 37. Rd4 Ra4 38. Rxe4 a5 39. Kf3 axb4 40. Rc4 b5 41. Rc5 Ra5 42. Ke4 b3 43. Kd3 Ke7 44. f4 gxf4 45. exf4 b2 46. Kc2 Ra4 47. Rh5 Rxf4 48. Rxh6 Rxg4 49. Kxb2 1/2-1/2

[Event "IOM Open-Masters 2017"]
[Site "Douglas"]
[Date "2017.09.30"]
[Round "8"]
[White "Wallace, John Paul"]
[Black "Harika, Dronavalli"]
[Result "1/2-1/2"]
[WhiteElo "2413"]
[BlackElo "2528"]
[Annotator "TA"]
[PlyCount "124"]
[EventDate "2017.??.??"]
[EventType "swiss"]
[EventCountry "GBR"]
[SourceTitle "playchess.com"]
[Source "ChessBase"]
[SourceQuality "1"]

1. c4 e6 2. Nf3 d5 3. g3 Nf6 4. Bg2 Be7 5. b3 O-O 6. O-O c5 7. cxd5 Nxd5 8. Bb2 Nc6 9. d4 cxd4 10. Nxd4 Bd7 11. Na3 Rc8 12. Nc4 Bf6 13. Rc1 Nxd4 14. Bxd4 Bb5 15. Re1 h6 16. Bxf6 Nxf6 17. Na3 Ba6 18. Qxd8 Rfxd8 19. Rxc8 Rxc8 20. Bf1 Rc5 21. Rd1 g5 22. Rd2 Ne4 23. Rb2 Rc1 24. Rb1 Rc8 25. Rb2 Kg7 26. f3 Nd6 27. Rd2 Rc1 28. Kf2 Nb5 29. Nxb5 Bxb5 30. f4 gxf4 31. gxf4 Bc6 32. Bg2 Bxg2 33. Kxg2 Kf6 34. Kf3 Ke7 35. e3 f5 36. Rg2 Kf6 37. Rd2 Rc7 38. Ke2 Ke7 39. Kf3 a5 40. Rg2 Kd6 41. Rd2+ Ke7 42. Rg2 Kf6 43. Rd2 b5 44. h3 b4 45. a3 bxa3 46. Ra2 Rb7 47. Rxa3 Rb5 48. Ra4 h5 49. h4 Ke7 50. Ke2 Kf7 51. Rc4 Rxb3 52. Rc7+ Kf6 53. Ra7 Rb2+ 54. Kf3 Ra2 55. Rh7 a4 56. Rxh5 Kg7 57. Rg5+ Kh7 58. Rh5+ Kg7 59. Rg5+ Kf7 60. Rh5 a3 61. Rh7+ Kg6 62. Re7 Kf6 1/2-1/2

[Event "IOM Open-Masters 2017"]
[Site "Douglas"]
[Date "2017.09.30"]
[Round "8"]
[White "Degtiarev, Evgeny"]
[Black "Perelshteyn, Eugene"]
[Result "1/2-1/2"]
[WhiteElo "2412"]
[BlackElo "2524"]
[Annotator "TA"]
[PlyCount "135"]
[EventDate "2017.??.??"]
[EventType "swiss"]
[EventCountry "GBR"]
[SourceTitle "playchess.com"]
[Source "ChessBase"]
[SourceQuality "1"]

1. d4 Nf6 2. c4 g6 3. Nc3 d5 4. cxd5 Nxd5 5. e4 Nxc3 6. bxc3 Bg7 7. Bc4 c5 8. Ne2 O-O 9. O-O Nc6 10. Be3 Bg4 11. f3 Bd7 12. Rb1 Rc8 13. dxc5 Na5 14. Bd5 Qc7 15. Kh1 Rfd8 16. Qc1 e6 17. Bf4 Qxc5 18. Bxb7 Nxb7 19. Rxb7 Bb5 20. Re1 a6 21. Bg5 Rd7 22. Rxd7 Bxd7 23. Be3 Qa5 24. Qd2 Bb5 25. Bd4 Rd8 26. Qe3 Qxa2 27. Bxg7 Kxg7 28. Nd4 Qc4 29. h4 Rc8 30. Nxb5 Qxb5 31. Ra1 Rc4 32. Qd3 Ra4 33. Qd1 Rxa1 34. Qxa1 Kg8 35. Qd1 a5 36. Qd8+ Kg7 37. Qd4+ e5 38. Qd6 a4 39. Kh2 Qa5 40. Qa3 Qa6 41. h5 gxh5 42. Qc5 Kf6 43. Qf8 Qa5 44. Qd6+ Kg7 45. Qa3 Qb5 46. Qe7 h6 47. Qa7 Qb3 48. Qc7 a3 49. Qxe5+ Kg8 50. Qxh5 Qxc3 51. Qd5 Qb2 52. e5 Kg7 53. Qe4 Qd2 54. Qg4+ Qg5 55. Qd4 a2 56. e6+ Qf6 57. Qg4+ Kf8 58. exf7 Qd6+ 59. f4 Kxf7 60. Qf5+ Kg7 61. Qg4+ Qg6 62. Qd7+ Qf7 63. Qd4+ Kg6 64. Qd3+ Kg7 65. Qd4+ Kh7 66. Qd3+ Kg8 67. Qd8+ Kg7 68. Qd4+ 1/2-1/2

[Event "IOM Open-Masters 2017"]
[Site "Douglas"]
[Date "2017.09.30"]
[Round "8"]
[White "Arjun Kalyan"]
[Black "Lampert, Jonas"]
[Result "1/2-1/2"]
[WhiteElo "2406"]
[BlackElo "2514"]
[Annotator "TA"]
[PlyCount "70"]
[EventDate "2017.??.??"]
[EventType "swiss"]
[EventCountry "GBR"]
[SourceTitle "playchess.com"]
[Source "ChessBase"]
[SourceQuality "1"]

1. e4 e5 2. Nf3 Nc6 3. Bb5 a6 4. Ba4 Nf6 5. O-O Bc5 6. c3 b5 7. Bc2 d5 8. d4 dxe4 9. Nbd2 exf3 10. Qxf3 Be7 11. Qxc6+ Bd7 12. Qf3 exd4 13. Ne4 O-O 14. Rd1 c5 15. Bg5 Re8 16. Bxf6 Bxf6 17. Nxc5 Bc6 18. Qxc6 Rc8 19. Qxa6 Rxc5 20. g3 Qc8 21. Qxc8 Rexc8 22. Bb3 dxc3 23. bxc3 Bxc3 24. Rac1 Kf8 25. Rd7 R8c7 26. Rcd1 Rxd7 27. Rxd7 f5 28. Rf7+ Ke8 29. Rb7 Kd8 30. Kg2 b4 31. f4 Rc7 32. Rxc7 Kxc7 33. Bg8 h6 34. Bh7 Kd6 35. Bxf5 g5 1/2-1/2

[Event "IOM Open-Masters 2017"]
[Site "Douglas"]
[Date "2017.09.30"]
[Round "8"]
[White "Cornette, Deimante"]
[Black "Deac, Bogdan-Daniel"]
[Result "1/2-1/2"]
[WhiteElo "2404"]
[BlackElo "2559"]
[Annotator "TA"]
[PlyCount "111"]
[EventDate "2017.??.??"]
[EventType "swiss"]
[EventCountry "GBR"]
[SourceTitle "playchess.com"]
[Source "ChessBase"]
[SourceQuality "1"]

1. e4 e5 2. Nf3 Nc6 3. Bb5 a6 4. Ba4 Nf6 5. O-O Be7 6. d3 b5 7. Bb3 d6 8. a3 O-O 9. Nc3 Rb8 10. h3 Na5 11. Ba2 c5 12. Nd5 Nc6 13. c3 a5 14. Be3 a4 15. Nd2 Be6 16. Nxe7+ Qxe7 17. f4 Bxa2 18. Rxa2 exf4 19. Bxf4 Nd7 20. Qg4 Nde5 21. Qg3 Rbd8 22. Qe3 c4 23. dxc4 bxc4 24. Bxe5 Nxe5 25. Qd4 Qc7 26. Nf3 Rb8 27. Ne1 Qb7 28. Rf2 Rfe8 29. Ra1 Rbd8 30. Rd2 Qb3 31. Rad1 h6 32. Qf2 Re6 33. Qa7 Rd7 34. Qa5 Qb7 35. Re2 Qc6 36. Nc2 Qc5+ 37. Qxc5 dxc5 38. Rxd7 Nxd7 39. Kf1 Nf6 40. e5 Nh5 41. Rd2 Rxe5 42. Rd8+ Kh7 43. Ra8 f5 44. Kf2 Nf4 45. Ne3 Nd3+ 46. Kf3 Nxb2 47. Rb8 Nd3 48. Nxc4 Re1 49. Rd8 Re4 50. Nd2 Ne1+ 51. Kf2 Re6 52. Nc4 f4 53. Rd1 Re4 54. Nd6 Re6 55. Nc4 Re4 56. Nd6 1/2-1/2

[Event "IOM Open-Masters 2017"]
[Site "Douglas"]
[Date "2017.09.30"]
[Round "8"]
[White "Roberson, Peter T"]
[Black "Brown, Michael William"]
[Result "0-1"]
[WhiteElo "2403"]
[BlackElo "2499"]
[Annotator "TA"]
[PlyCount "98"]
[EventDate "2017.??.??"]
[EventType "swiss"]
[EventCountry "GBR"]
[SourceTitle "playchess.com"]
[Source "ChessBase"]
[SourceQuality "1"]

1. e4 e5 2. Nf3 Nc6 3. Bb5 a6 4. Ba4 Nf6 5. O-O Bc5 6. d3 b5 7. Bb3 d6 8. a4 Rb8 9. h3 h6 10. Nc3 O-O 11. Nd5 Nxd5 12. Bxd5 Ne7 13. Bb3 Ng6 14. c3 Qf6 15. Nh2 Kh8 16. Be3 bxa4 17. Rxa4 Bxe3 18. fxe3 Qg5 19. Kh1 Nh4 20. Rf2 Qxe3 21. Re2 Qg5 22. Bc4 f5 23. Bxa6 Ra8 24. Bb5 Rxa4 25. Bxa4 fxe4 26. dxe4 Ba6 27. Rc2 Qg3 28. Bc6 Bd3 29. Rd2 Rf2 30. Rxf2 Qxf2 31. Qg1 Qxb2 32. Ng4 Qxc3 33. Bd5 Qc2 34. Ne3 Qb1 35. Qxb1 Bxb1 36. Kg1 Ng6 37. Kf2 Ne7 38. Kf3 Bd3 39. Ba2 g6 40. Nd1 Kg7 41. Nc3 Kf6 42. h4 Ba6 43. g3 c6 44. Nd1 Bc8 45. g4 d5 46. exd5 cxd5 47. Ne3 d4 48. Nc4 Bb7+ 49. Kg3 Bd5 0-1

[Event "IOM Open-Masters 2017"]
[Site "Douglas"]
[Date "2017.09.30"]
[Round "8"]
[White "Eggleston, David J"]
[Black "Brunello, Sabino"]
[Result "0-1"]
[WhiteElo "2400"]
[BlackElo "2555"]
[Annotator "TA"]
[PlyCount "110"]
[EventDate "2017.??.??"]
[EventType "swiss"]
[EventCountry "GBR"]
[SourceTitle "playchess.com"]
[Source "ChessBase"]
[SourceQuality "1"]

1. e4 c5 2. Nf3 e6 3. d4 cxd4 4. Nxd4 a6 5. Nc3 Qc7 6. Bd3 Bc5 7. Nb3 Be7 8. Qg4 g6 9. Bg5 d6 10. Bxe7 Nxe7 11. O-O-O e5 12. Qh4 Be6 13. f4 exf4 14. Nd4 O-O 15. Qxf4 Nbc6 16. Nxc6 Nxc6 17. h4 f6 18. g4 Ne5 19. g5 fxg5 20. Qxg5 b5 21. a3 Qc5 22. Be2 b4 23. axb4 Qxb4 24. Qe7 Bf7 25. Qxd6 Qa5 26. Qa3 Qxa3 27. bxa3 Bc4 28. Bxc4+ Nxc4 29. Rd4 Rac8 30. Nd5 Kg7 31. Rd3 Ne5 32. Rc3 Rxc3 33. Nxc3 Rf3 34. Kb2 h5 35. Rd1 Rh3 36. Rd5 Ng4 37. Ra5 Rxh4 38. e5 Rh1 39. e6 Re1 40. Rxa6 Nf6 41. Nb5 h4 42. Nd4 h3 43. Nf3 Re3 44. Nh2 g5 45. Ra4 Rxe6 46. Rd4 Re2 47. Nf1 h2 48. Nxh2 Rxh2 49. a4 g4 50. a5 g3 51. a6 g2 52. Rd1 Rh1 53. a7 Rxd1 54. a8=Q g1=Q 55. Qb7+ Rd7 0-1

[Event "IOM Open-Masters 2017"]
[Site "Douglas"]
[Date "2017.09.30"]
[Round "8"]
[White "Harsha, Bharathakoti"]
[Black "Aravindh, Chithambaram Vr"]
[Result "1/2-1/2"]
[WhiteElo "2394"]
[BlackElo "2573"]
[Annotator "TA"]
[PlyCount "66"]
[EventDate "2017.??.??"]
[EventType "swiss"]
[EventCountry "GBR"]
[SourceTitle "playchess.com"]
[Source "ChessBase"]
[SourceQuality "1"]

1. Nf3 d5 2. e3 c5 3. c4 d4 4. exd4 cxd4 5. g3 Nc6 6. Bg2 e5 7. O-O Nf6 8. Re1 Nd7 9. d3 Be7 10. Na3 O-O 11. Nc2 a5 12. Qe2 f6 13. Bd2 Nc5 14. b4 axb4 15. Nxb4 Be6 16. Nxc6 bxc6 17. Bb4 Re8 18. Bxc5 Bxc5 19. Nd2 Qd7 20. Reb1 Bf7 21. g4 Ra6 22. Rb2 Ba3 23. Rb3 Be7 24. Ne4 Rea8 25. Rb2 Ba3 26. Rb3 Bf8 27. Rb2 Qa7 28. Ng3 Rb8 29. Rab1 Rxb2 30. Rxb2 Ba3 31. Rb1 Bf8 32. Rb2 Ba3 33. Rb1 Bf8 1/2-1/2

[Event "IOM Open-Masters 2017"]
[Site "Douglas"]
[Date "2017.09.30"]
[Round "8"]
[White "Houska, Jovanka"]
[Black "Lubbe, Nikolas"]
[Result "1/2-1/2"]
[WhiteElo "2393"]
[BlackElo "2515"]
[Annotator "TA"]
[PlyCount "80"]
[EventDate "2017.??.??"]
[EventType "swiss"]
[EventCountry "GBR"]
[SourceTitle "playchess.com"]
[Source "ChessBase"]
[SourceQuality "1"]

1. d4 Nf6 2. Nf3 e6 3. c4 c5 4. d5 exd5 5. cxd5 d6 6. Nc3 g6 7. h3 Bg7 8. e4 O-O 9. Bd3 a6 10. a4 Nbd7 11. O-O Qe7 12. a5 Ne5 13. Nxe5 Qxe5 14. Be3 Rb8 15. Re1 Nd7 16. Qd2 b5 17. axb6 Rxb6 18. Ra2 Qe7 19. Bg5 f6 20. Bf4 Ne5 21. Bxe5 fxe5 22. Rea1 Qh4 23. Bxa6 Bd7 24. Bf1 Bh6 25. Qe2 Rb4 26. Ra8 Bc8 27. g3 Qf6 28. Bg2 Rd4 29. Rd1 Qf7 30. Raa1 Bd7 31. Ra7 Rb8 32. Qc2 Qe8 33. Bf1 Rdb4 34. Rb1 Qd8 35. Nd1 Bc8 36. Rba1 Rd4 37. Ra8 Bd7 38. R8a7 Bc8 39. Ra8 Bd7 40. R8a7 Bc8 1/2-1/2

[Event "IOM Open-Masters 2017"]
[Site "Douglas"]
[Date "2017.09.30"]
[Round "8"]
[White "Loos, Roland"]
[Black "Christiansen, Johan-Sebastian"]
[Result "1-0"]
[WhiteElo "2393"]
[BlackElo "2457"]
[Annotator "TA"]
[PlyCount "113"]
[EventDate "2017.??.??"]
[EventType "swiss"]
[EventCountry "GBR"]
[SourceTitle "playchess.com"]
[Source "ChessBase"]
[SourceQuality "1"]

1. d4 Nf6 2. Nf3 c5 3. d5 b5 4. Bg5 g6 5. Bxf6 exf6 6. e4 a6 7. a4 b4 8. Nbd2 Bg7 9. Nc4 O-O 10. Bd3 d6 11. O-O a5 12. Nfd2 Qc7 13. f4 Nd7 14. Qf3 Bb7 15. Kh1 Rae8 16. Rae1 Re7 17. Re2 Rfe8 18. Rfe1 Kh8 19. b3 Bc8 20. Ne3 Nb6 21. Bb5 Bd7 22. Bxd7 Nxd7 23. Nec4 Kg8 24. Re3 Bh6 25. h4 Nb8 26. Rf1 Qd8 27. Qh3 Bg7 28. Ref3 f5 29. exf5 Re1 30. fxg6 hxg6 31. h5 Qf6 32. Qg4 gxh5 33. Qxh5 Nd7 34. Qg4 Nf8 35. Qg5 Qd4 36. Nxd6 Qxd2 37. Nxe8 Rxe8 38. Rg3 Qd4 39. Rd3 Qe4 40. d6 Ne6 41. Qh4 Rd8 42. Qe7 Qh7+ 43. Rh3 Qf5 44. Rg3 Rf8 45. d7 Kh7 46. Rff3 Qf6 47. Rxg7+ Qxg7 48. Kh2 Rh8 49. d8=Q Kg6+ 50. Qxh8 Qxh8+ 51. Rh3 Qc8 52. Rg3+ Kf5 53. Qxf7+ Ke4 54. Rg8 Qc6 55. Re8 Kd5 56. f5 Qc7+ 57. Qxc7 1-0